International handbook of universities and other institutions of higher education

Αποθηκεύτηκε σε:
Λεπτομέρειες βιβλιογραφικής εγγραφής
Συγγραφή απο Οργανισμό/Αρχή: The International Association of Universities
Μορφή: Βιβλίο
Γλώσσα:English
Δημοσίευση: New York : Stockton Press, 1986
Θέματα:
Ετικέτες: Προσθήκη ετικέτας
Δεν υπάρχουν, Καταχωρήστε ετικέτα πρώτοι!

MARC

LEADER 00000nam a2200000 i 4500
001 1/39148
008 980226s1986 eng d
020 |a 0-333-37184-4 
035 |l 10024991 
040 |a GR-MY-UA  |b    |e aacr 
041 0 |a eng 
082 0 |a Π 378.0025 
110 2 |a The International Association of Universities. 
245 1 0 |a International handbook of universities and other institutions of higher education /  |c The International Association of Universities 
260 |a New York :   |b Stockton Press,   |c 1986 
300 |a 1264 σ. 
504 |a Περιλαμβάνει ευρετήριο 
650 0 0 |a Universities and colleges  |x Directories. 
852 |a INST  |b CHIOS  |e 19980226  |h 378.0025 INT  |p 005200009822  |q 005200009822  |t REF  |y 23 
909 |a Χ  |b 010393